LEADER 01106nam a2200253 i 4500 001 000000143518 003 CaOOAMICUS 005 20051005000000.0 008 051005s1950 it u000 u ita u 013 $a118876 040 $aSeMil$bita 100 1 $aBendiscioli, Mario,$d<1903-1998>.$0(OLS)http://semarc/name/9378 245 13$aLa Chiesa :$bdall'Assolutismo al Liberalismo (secc. 17.-19.) /$cMario Bendiscioli. 260 $aMilano :$bMarzorati,$c1950. 300 $a178 p. ;$c25 cm. 490 0 $aStudi filosofici teologici 650 4$aChiesa - Storia - Sec. 17.-18.$0(OLS)http://semarc/subject/1049 650 4$aChiesa - Storia - Sec. 18.-19.$0(OLS)http://semarc/subject/4940 830 0$aStudi filosofici teologici.$0(OLS)http://semarc/title/19164 850 $aSeMil 852 $aSeMil$W1$xVenegono$y1$m174 8 2 *$j96594$B96594$CSeMilBibl$Z2$F103910 $81 961 $aRecupero: Biblioteca Seminario Saronno 996 $6245$aLa Chiesa :$bdall'Assolutismo al Liberalismo (secc. 17.-19.)$9(OLS)http://semarc/title/210035 996 $6260$aMilano :$bMarzorati$9(OLS)http://semarc/publisher/29683 LEADER 01036nam a2200229 i 4500 001 000000232410 003 CaOOAMICUS 005 20140827000000.0 008 140827s1968 it u000 u ger u 013 $a211313 040 $aSeMil$bita 100 1 $aMerk, Otto,$d<1933-2021>.$0(OLS)http://semarc/name/14665 245 10$aHandeln aus glauben :$bdie motivierungen der paulinischen ethik /$cOtto Merk. 260 $aTübingen :$bN. G. Elwert,$c1968. 300 $aXII, 287 p. ;$c25 cm. 490 0 $aMarburger theologische Studien ;$v5 650 4$aBibbia - NT - Paolo - Commentari, studi, critica, interpretazioni.$0(OLS)http://semarc/subject/41326 830 0$aMarburger theologische Studien ;$v5.$0(OLS)http://semarc/title/40390 850 $aSeMil 852 $aSeMil$W1$xVenegono$y1$m2Z IV 154$j182756$B182756$CSeMilBibl$Z2$F193778 $81 996 $6245$aHandeln aus glauben :$bdie motivierungen der paulinischen ethik$9(OLS)http://semarc/title/331633 996 $6260$aTübingen :$bN. G. Elwert$9(OLS)http://semarc/publisher/53993